1M+ North American Cities Sudden Death - Statistics

General Stats
  • This quiz has been taken 87 times
  • The average score is 4 of 21
Answers on the Grid
Answers color-coded by a green-red scale on the quiz's grid according to % correct below.
Nezahualcóyotl
Edmonton
Montreal
Phoenix
León
Philadelphia
Juárez
Zapopan
Calgary
Guadalajara
New York
Chicago
Havana
Tijuana
Houston
Managua
Santo Domingo
Guatemala City
Puebla
Ecatepec de Morelos
Mexico City
Austin
Vancouver
Denver
Chimalhuacán
Nashville
El Paso
Washington, D.C.
Boston
Las Vegas
Detroit
Memphis
Baltimore
Milwaukee
Albuquerque
Quebec City
Tucson
Sacramento
Carrefour
Kansas City
 
Answer Stats
Answer % Correct
Chicago
50%
Houston
38%
Mexico City
38%
Montreal
38%
Philadelphia
38%
Phoenix
38%
Guadalajara
25%
New York
25%
Santo Domingo
25%
Edmonton
19%
Guatemala City
19%
Tijuana
19%
Havana
13%
León
13%
Puebla
13%
Calgary
6%
Juárez
6%
Managua
6%
Ecatepec de Morelos
0%
Nezahualcóyotl
0%
Zapopan
0%
No matching quizzes found
Score Distribution
Percent of People with Each Score
Percentile by Number Answered
Your Score History
You have not taken this quiz